002710000a220007300045001000025000002450096000253000053001217730023001741 aFoulkes, Irene W. de10a"La ley solo cuela los bichos pequeños" : Pablo y los pobres contra las cortes de Corinto aVol. 15, Num 1, (Julio, 1995), Páginas 107-1150 tVida y pensamiento